000 00578nam a2200181Ia 4500
008 151018s9999 xx 000 0 und d
082 _bRBASDV15846
_a891.463
100 _aऊ ज शेळके
245 _aगुड बाय बॉम्बे
250 _b1
260 _bपरिमल प्रकाशन औरंगाबाद
_c1982
300 _a204
600 _aऊ ज शेळके
630 _aगुड बाय बॉम्बे
700 _aऊ ज शेळके
730 _aगुड बाय बॉम्बे
942 _cBOOK
999 _c1016568
_d1016565